| 000 | 00674nam a2200145Ia 4500 | ||
|---|---|---|---|
| 008 | 170221s9999 xx 000 0 und d | ||
| 100 | _aKhasan Alimsultanovich Taimaskhanov | ||
| 245 | _aSubstantiation of Strategic Points for Efficient Functioning of Production Infrastructure of the Southern Region | ||
| 245 | _cKhasan Alimsultanovich Taimaskhanov, Maula Abdurahkmanovich Betilgiriev, Lolita Musaevna Idigova, Magomed Shavalovich Mintsaev, Dena Karim-Sultanovich Bataev | ||
| 260 | _bInternational Review of Management and Marketing | ||
| 260 | _c2016 | ||
| 300 | _a6 : 4 | ||
| 650 | _xMarketing. | ||
| 856 | _uhttp://www.econjournals.com/index.php/irmm/issue/view/88 | ||
| 999 |
_c308497 _d308497 |
||